Регионална библиотека "Любен Каравелов" - Русе

Кучето (Запис номер 20797)

MARC детайли
000 -Лидер
Контролно поле с фиксирана дължина 01025nam a2200313 c 4500
003 - Код на организацията, давaща контролен номер
Контролно поле BLK
005 - Дата и час на последна редакция
Контролно поле 20220302131057.0
008 - Елементи от данни с фиксирана дължина
fixed length control field 180413b bul|||||r ||||||| ||bul||
010 ## - Наследен системен номер
LC control number KNG00023039000
040 ## - Източник на каталожния запис
Идентификатор на билиотеката - собственик на записа BLK
041 ## - Код за език
Код за езика на текст/звукозапис или на отделно заглавие Български
Код за езика КДБФ Български
080 ## - УДК
Текстов определител УДК Кучета
УДК код - определител по УДК 636.7
УДК определител (035)
УДК - код + определител 636.7(035)
100 1# - Редна дума - Автор
Автор Рогер, Хелмут
Авторска отговорност първи автор
R(LIN) 365574
139 ## - Редно поле
Редна дума Рогер, Хелмут
Авторски знак Рог - Р 71
245 10 - Сведения за заглавието
Заглавие Кучето
Редно поле (дума) Хелмут Рогер.
257 ## - Страна на издаване
Страна на създаване/издаване Германия
260 ## - Област на издателските данни
-- София
Име на издателя, разпространителя и проч. Емас
Година на издаване 1998
Печатница София : Балкан прес
300 ## - Физическа характеристика
Страници 271 с.
Илюстрации и др. с ил., 8 л. цв. ил.
Размери/Мащаб 20 см
380 ## - Жанр
Жанр Селско стопанство
490 1# - СЕРИИ (Колекции)
Име на серия Домашни любимци
500 ## - Общи забележки
Забележка Ориг. загл. Mein Erster Hund / Helmut Rogger. - 3 000 тир.
650 #4 - Допълнително описание по предмет – тема
Основно описание – тема или топоним Кучета - отглеждане
9 (RLIN) 262644
653 ## - Ключова дума – ненормативна
Ключова дума кучета
852 ## - Местоположение
Форматна сигнатура Цб 197390
856 4# - Електронен адрес и достъп
Електронен формат pdf - файл
Път до файла /url/
856 4# - Електронен адрес и достъп
Електронен формат pdf - файл
Път до файла /url/
942 ## - АРТИКУЛИ
Вид на библиотечния материал Книги
Скрит в OPAC Не
Koha issues (borrowed), all copies 6
944 ## - СЪЗДАВАНЕ И РЕДАКЦИЯ на ЗАПИСА
Създаване/Редакция Създаване
Дата на регистрацията/редакция 15.01.2003
Служител, извършил регистрацията/редакцията AB_DOS
944 ## - СЪЗДАВАНЕ И РЕДАКЦИЯ на ЗАПИСА
Създаване/Редакция Редакция
Дата на регистрацията/редакция 20.02.2017
Служител, извършил регистрацията/редакцията Христина_Везирева
999 ## - СИСТЕМНИ КОНТРОЛНИ НОМЕРА
Koha biblionumber 20797
Koha biblioitemnumber 20797
Наличности
Код за отписване Код за изгубен артикул Източник на класификационната схема Код за повреда Коз за рестрикции Код за отдаване Артикулен № Име на библиотеката - собственик Име на библиотеката, в която се намира в момента Статус (Текущо местоположение) Дата на вписване в системата Местоположение - отдел Цена в лева Инвентарен номер Систематично азбучна сигнатура Баркод Номер на екземпляра Цена в евро Служебна бележка Служебен тип на артикула
Изтеглен Не е изгубен Universal Decimal Classification Не е повреден без рестрикции заемане за дома 34437 Регионална библиотека "Любен Каравелов" Русе Регионална библиотека "Любен Каравелов" Русе Детски отдел 2001-01-01 Детски отдел 5.20 654152 ДН 636/639/Р 71 654152 1 2.66 Дата инв: 01.09.2015 Бележки инв: Д2015 Книги
  Не е изгубен Universal Decimal Classification Не е повреден без рестрикции ползва се в читалня 34438 Регионална библиотека "Любен Каравелов" Русе Регионална библиотека "Любен Каравелов" Русе Хранилище 2001-01-01 Хранилище 0.00 642266 Цб 197390 120000642266 2 0.00   Книги
Vip Innovations Ltd, Rousse, Bulgaria 2025